| 000 | 00709nam a2200277Ia 4500 | ||
|---|---|---|---|
| 003 | OSt | ||
| 005 | 20220912150129.0 | ||
| 006 | a|||||r|||| 00| 0 | ||
| 007 | ta | ||
| 008 | 220909b |||||||| |||| 00| 0 eng d | ||
| 024 | _a33584 | ||
| 037 | _cTextual | ||
| 040 |
_aCSL _beng _cCSL |
||
| 041 | _aeng | ||
| 082 | _aY2-7791, M0 | ||
| 100 | _aDas Man Singh | ||
| 245 | 0 | _aFamily in latin America | |
| 260 |
_aDelhi _bVikas Publishing House _c1980 |
||
| 300 |
_axxv,430p. _ccm. |
||
| 650 | _a America | ||
| 650 | _a Sociology | ||
| 650 | _aFamily | ||
| 700 | _a Jesser Clinton J | ||
| 942 |
_hY2-7791, M0 _cTEXL _2CC |
||
| 999 |
_c40354 _d40354 |
||